| 000 -LEADER |
| fixed length control field |
02112nam a22003977 4500 |
| 001 - CONTROL NUMBER |
| control field |
RU\PGU\BOOKS\3900 |
| 005 - DATE AND TIME OF LATEST TRANSACTION |
| control field |
20190424113315.0 |
| 008 - FIXED-LENGTH DATA ELEMENTS--GENERAL INFORMATION |
| fixed length control field |
190424s2007 ru ||||| |||| 00| 0 rus d |
| 020 ## - INTERNATIONAL STANDARD BOOK NUMBER |
| International Standard Book Number |
5365006453 |
| 040 ## - CATALOGING SOURCE |
| Original cataloging agency |
1901371X |
| 041 00 - LANGUAGE CODE |
| Language code of text/sound track or separate title |
rus |
| 080 00 - UNIVERSAL DECIMAL CLASSIFICATION NUMBER |
| Universal Decimal Classification number |
347.44(075.8) |
| 090 ## - LOCALLY ASSIGNED LC-TYPE CALL NUMBER (OCLC); LOCAL CALL NUMBER (RLIN) |
| Classification number (OCLC) (R) ; Classification number, CALL (RLIN) (NR) |
1903120 |
| 091 00 - MICROFILM SHELF LOCATION (AM) [OBSOLETE] |
| Microfilm shelf location |
Х623.2я73-1 |
| 091 ## - MICROFILM SHELF LOCATION (AM) [OBSOLETE] |
| Microfilm shelf location |
67.404 |
| 091 ## - MICROFILM SHELF LOCATION (AM) [OBSOLETE] |
| Microfilm shelf location |
34С |
| 092 00 - LOCALLY ASSIGNED DEWEY CALL NUMBER (OCLC) |
| Classification number |
10.27 |
| 100 1# - MAIN ENTRY--PERSONAL NAME |
| Personal name |
Калемина, Виктория Викторовна |
| 9 (RLIN) |
455 |
| 245 00 - TITLE STATEMENT |
| Title |
Договорное право : |
| Remainder of title |
учебное пособие / |
| Medium |
Текст. |
| Statement of responsibility, etc. |
В. В. Калемина, Е. А. Рябченко |
| 250 ## - EDITION STATEMENT |
| Edition statement |
3-е изд. |
| Remainder of edition statement |
стер. |
| 260 ## - PUBLICATION, DISTRIBUTION, ETC. |
| Place of publication, distribution, etc. |
М. : |
| Name of publisher, distributor, etc. |
Омега-Л, |
| Date of publication, distribution, etc. |
2007. |
| 300 ## - PHYSICAL DESCRIPTION |
| Extent |
239 с. ; |
| Dimensions |
20 см. |
| 440 00 - SERIES STATEMENT/ADDED ENTRY--TITLE |
| Title |
Библиотека высшей школы |
| 9 (RLIN) |
456 |
| 500 ## - GENERAL NOTE |
| General note |
4000 экз. |
| 504 ## - BIBLIOGRAPHY, ETC. NOTE |
| Bibliography, etc. note |
Библиогр.: с. 236-239 |
| 520 ## - SUMMARY, ETC. |
| Summary, etc. |
Издание представляет собой учебное пособие по договорному праву. Содержит общие положения договорного права, рассматриваются все виды договоров, при этом наиболее распространенные из них анализируются подробнее |
| 521 0# - TARGET AUDIENCE NOTE |
| Target audience note |
Для студентов вузов юридических специальностей, а также для всех, кто хочет получить конкретную информацию о том или ином виде договора |
| 650 ## - SUBJECT ADDED ENTRY--TOPICAL TERM |
| Topical term or geographic name entry element |
Договор в гражданском праве Российской Федерации |
| 9 (RLIN) |
457 |
| 653 ## - INDEX TERM--UNCONTROLLED |
| keyword |
სამართალი |
| 653 ## - INDEX TERM--UNCONTROLLED |
| keyword |
სამოქალაქო სამართალი |
| 653 ## - INDEX TERM--UNCONTROLLED |
| keyword |
ვალდებულებითი სამართალი |
| 700 ## - ADDED ENTRY--PERSONAL NAME |
| Personal name |
Рябченко, Е. А. |
| 9 (RLIN) |
458 |
| 710 ## - ADDED ENTRY--CORPORATE NAME |
| Miscellaneous information |
инновационная образовательная программа |
| 9 (RLIN) |
443 |
| 942 ## - ADDED ENTRY ELEMENTS (KOHA) |
| Source of classification or shelving scheme |
|
| Koha item type |
წიგნი |